Keeping The Jewel In The Crown: (Record no. 190361)

MARC details
000 -LEADER
fixed length control field 00597nam a22001817a 4500
005 - DATE AND TIME OF LATEST TRANSACTION
control field 20220722144024.0
010 ## - LCCN (DPL NO)
LC control number ENG-133861
020 ## - INTERNATIONAL STANDARD BOOK NUMBER
International Standard Book Number 9780670089468
Terms of availability 599.00
035 ## - SYSTEM CONTROL NUMBER
System control number EN-117393
037 ## - SOURCE OF ACQUISITION
Source of stock number/acquisition DBAD/PUB
082 ## - DEWEY DECIMAL CLASSIFICATION NUMBER
Classification number 954.035
100 ## - MAIN ENTRY--PERSONAL NAME
Personal name Reid, Walter
245 ## - TITLE STATEMENT
Title Keeping The Jewel In The Crown:
Remainder of title The British Betrayal of Indian/
Statement of responsibility, etc Walter Reid
260 ## - PUBLICATION, DISTRIBUTION, ETC. (IMPRINT)
Place of publication, distribution, etc Gurgaon
Name of publisher, distributor, etc Penguin Random House India
Date of publication, distribution, etc 2016
270 ## - ADDRESS
Address 7th Floor, Infinity Tower C, DLF Cyber City
City Gurgaon
Postal code 122002
300 ## - PHYSICAL DESCRIPTION
Extent xi;288p.
Dimensions 22cm(hb)
Other physical details Index,conclusion
942 ## - ADDED ENTRY ELEMENTS (KOHA)
Source of classification or shelving scheme Dewey Decimal Classification
Item type English Books
Classification part 954.035
Call number suffix REI
Holdings
Withdrawn status Lost status Not for loan Collection code Home library Current library Date acquired Source of acquisition Cost, normal purchase price Full call number Barcode Copy number Cost, replacement price Koha item type
      Non-fiction Bawana Bawana 22/07/2022 DBDD/PUB 599.00 954.035 REI EN-117393 1 599.00 English Books

© Delhi Public Library
Hit Counter
free hit counter